00557nam a2200169Ia 4500008004100000020001800041050002600059100002000085245004900105260005000154300002100204500004100225521000700266650004300273650002500316650004600341140321s9999 xx 000 0 und d a9789710388813 aLB 1590.3b.M547 2010 aMenoy, Jesus Z. aStudy and thinking skills /cJesus Z. Menoy. aMandaluyong City :bBooks Atpb. Pub.,cc2010. a226 p. :c23 cm. aIncludes bibliographical references. aGE aCritical thinkingxStudy and teaching. aCurriculum planning. aThought and thinkingxStudy and teaching.